MARC

LEADER 00000nas a22000007a 4500
001 ssj0000451901
003 WaSeSS
005 20200512172242.0
006 m d
007 cr n
008 100803c20119999sw tr p s 0 a0eng
010 |a  2010202060 
016 7 |a 2645114-1  |2 DE-600 
016 7 |a 015887468  |2 Uk 
022 |a 2156-7077  |y 2156-7069 
035 |a (WaSeSS)ssj0000451901 
037 |b Routledge, Taylor and Francis Group, 4 Park Square, Milton Park, Abingdon, OX 14 4RN 
040 |a DLC  |b eng  |c DLC  |d UKMGB  |d CGU  |d HEBIS  |d DLC  |d OCLCQ  |d OCLCF  |d OCLCO  |d OCLCQ  |d UKBOL  |d FIE  |d LIP  |d VT2  |d WaSeSS 
042 |a pcc  |a nsdp 
082 1 0 |a 371  |2 14 
130 0 |a Research in learning technology (Online) 
222 0 |a Research in learning technology  |b (Online) 
245 1 0 |a Research in learning technology  |h [electronic resource]. 
260 |a Abingdon, Oxfordshire :  |b Routledge, Taylor and Francis Group 
260 3 |3 <2012-> :  |a Järfälla, Sweden :  |b Co-Action Publishing 
310 |a Three issues a year 
362 1 |a Began with vol. 19, no. 1 (2011)? 
506 |a License restrictions may limit access. 
588 |a Description based on: Vol. 19, no. 1 (2011); title from journal home page (publisher's Web site viewed Mar. 27, 2012). 
588 |a Latest issue consulted: Vol. 20, issue 2 (2012) (viewed Mar. 27, 2012). 
650 0 |a Computer-assisted instruction  |v Periodicals. 
650 0 |a Artificial intelligence  |x Educational applications  |v Periodicals. 
650 7 |a Artificial intelligence  |x Educational applications.  |2 fast  |0 (OCoLC)fst00817257 
650 7 |a Computer-assisted instruction.  |2 fast  |0 (OCoLC)fst00872725 
653 |a Education 
655 0 |a Electronic journals. 
710 2 |a Association for Learning Technology. 
776 0 8 |i Print version:  |t Research in learning technology  |x 2156-7069  |w (DLC) 2010202065  |w (OCoLC)651064911 
780 0 0 |t ALT-J (Online)  |x 1741-1629  |w (DLC) 2004236558  |w (OCoLC)55134510 
856 4 0 |z Full text available from Research Library: 01/01/2011 to present  |u https://search.proquest.com/publication/456295